| 000 | 00663nam a2200229Ia 4500 | ||
|---|---|---|---|
| 005 | 20250508165059.0 | ||
| 008 | 008 250505s9999 xx 000 0 eng d | ||
| 020 | _a81-85618-27-5 | ||
| 037 | _aTextual | ||
| 040 |
_aFEDL _beng _cFEDL |
||
| 041 |
_aeng _2eng |
||
| 084 |
_a954, SUB _qFEDL |
||
| 100 | _aChatterjee Partha Ed. | ||
| 245 | 0 | _aSubaltern studies 7: Writings on South Asian history and society | |
| 260 |
_aNew Delhi, India _bOxford University Press _c1993 |
||
| 300 | _aviii,272p. | ||
| 365 |
_aINR _b90 |
||
| 546 | _aMACESE | ||
| 700 |
_a Pandey Gyanendra Ed. _9779858 |
||
| 942 |
_cTEXL _h954, SUB |
||
| 999 |
_c1393043 _d1393043 |
||